| 000 | 00370 a2200169 4500 | ||
|---|---|---|---|
| 001 | 169717 | ||
| 020 | _a85-08-06102-1 | ||
| 040 | _cMagnum | ||
| 100 | _aGaldino, Luiz | ||
| 240 | 1 | 0 |
_aA charada do sol e da chuva _lpor |
| 245 | 1 | 0 | _aA charada do sol e da chuva |
| 300 | _a146 | ||
| 362 | 0 | _a1998 | |
| 440 | 1 | _aÁtica | |
| 697 | _aLITERATURA JUVENIL | ||
| 942 | _cBK | ||
| 999 |
_c169717 _d169717 |
||